Surveyors poised to move in (Record no. 70626)

MARC details
000 -LEADER
fixed length control field 01108cam a2200217 4500
001 - CONTROL NUMBER
control field WB3824-16
008 - FIXED-LENGTH DATA ELEMENTS--GENERAL INFORMATION
fixed length control field 020701n2002 000 0 eng u
035 ## - SYSTEM CONTROL NUMBER
System control number (Sirsi) u118605
245 ## - TITLE STATEMENT
Title Surveyors poised to move in
260 ## - PUBLICATION, DISTRIBUTION, ETC.
Date of publication, distribution, etc. 2002
490 ## - SERIES STATEMENT
Series statement RICS Press Release
Volume/sequential designation (pr074) 26 June 2002, (2)
520 ## - SUMMARY, ETC.
Summary, etc. New research by RICS and Cranfield University School of Management reveals that 95% of clients want chartered surveyors to carry out property related management consultancy roles. "Changing times: strategic consulting for professional effectiveness" also shows that managers expect 60% of property consultancy to be strategic by 2007. "Changing Times" available at http://www.rics.org/ricscms/bin/show?class=ResearchReports&template=/includes/showresearch.html&id=20 http://www.rics.org/ricscms/bin/show?class=PressRelease&template=/includes/showpr.html&id=759
590 ## - LOCAL NOTE (RLIN)
Local note WB
650 ## - SUBJECT ADDED ENTRY--TOPICAL TERM
Topical term or geographic name entry element Management consultancy
9 (RLIN) 6255
650 ## - SUBJECT ADDED ENTRY--TOPICAL TERM
Topical term or geographic name entry element RICS
650 ## - SUBJECT ADDED ENTRY--TOPICAL TERM
Topical term or geographic name entry element ABOUT RICS-RICS MEMBERS
650 ## - SUBJECT ADDED ENTRY--TOPICAL TERM
Topical term or geographic name entry element PROPERTY ASSETS
650 ## - SUBJECT ADDED ENTRY--TOPICAL TERM
Topical term or geographic name entry element CRANFIELD UNIVERSITY
690 ## - LOCAL SUBJECT ADDED ENTRY--TOPICAL TERM (OCLC, RLIN)
Topical term or geographic name as entry element MANAGEMENT
942 ## - ADDED ENTRY ELEMENTS (KOHA)
Suppress in OPAC 0
Holdings
Withdrawn status Lost status Source of classification or shelving scheme Damaged status Not for loan Home library Current library Shelving location Date acquired Total Checkouts Full call number Barcode Date last seen Copy number Price effective from Koha item type
    Dewey Decimal Classification     London London News article 01/07/2002   WB3824-16 118605-1001 06/08/2019 1 06/08/2019 News article